Γεωλογικός χάρτης της Ελλάδος φύλλο Ιερισσός = Geological map of Greece : Ierissos sheet
Αποθηκεύτηκε σε:
| Κύριος συγγραφέας: | |
|---|---|
| Συγγραφή απο Οργανισμό/Αρχή: | |
| Άλλοι συγγραφείς: | , |
| Μορφή: | Χάρτης |
| Γλώσσα: | Greek English |
| Δημοσίευση: |
[Χ.τ] :
Ινστιτούτο Γεωλογικών και Μεταλλευτικών Ερευνών (ΙΓΜΕ),
1978.
|
| Θέματα: | |
| Ετικέτες: |
Προσθήκη ετικέτας
Δεν υπάρχουν, Καταχωρήστε ετικέτα πρώτοι!
|
MARC
| LEADER | 00000nem a2200000 a 4500 | ||
|---|---|---|---|
| 001 | 1/119620 | ||
| 008 | 190716s1978####gr ||||| |##|||||||gre|| | ||
| 034 | 1 | |a a |b 150000 | |
| 040 | |a GR-MyUa |b gre |c GR-MyUa |e AACR2 | ||
| 041 | 0 | |a gre |a eng | |
| 089 | |p M |a ΙΓΜΕ |s 4Α-14 | ||
| 100 | 1 | |a Kockel, F. | |
| 245 | 1 | 0 | |a Γεωλογικός χάρτης της Ελλάδος |h [χάρτης] : |b φύλλο Ιερισσός = Geological map of Greece : Ierissos sheet / |c γεωλογική χαρτογράφηση από τους Δρ. F. Kockel, Δρ. H. Mollat και Π. Αντωνιάδη. |
| 246 | 1 | |i Παράλληλος τίτλος: |a Geological map of Greece : |b Ierissos sheet | |
| 255 | |a Κλίμακα 1:50.000 ; |b ισοδιάστασις 40 μ. | ||
| 260 | |a [Χ.τ] : |b Ινστιτούτο Γεωλογικών και Μεταλλευτικών Ερευνών (ΙΓΜΕ), |c 1978. | ||
| 300 | |a 1 χάρτης : |b έγχρ. ; |c 70 x 99 εκ. | ||
| 500 | |a Γεωλογικός χάρτης. | ||
| 500 | |a Υπόμνημα στα ελληνικά και στα αγγλικά. | ||
| 508 | |a Η γεωλογική χαρτογράφηση έγινε από τους Δρ. F. Kockel και Δρ. H. Mollat, γεωλόγους του Ομοσπονδιακού Ινστιτούτου για τις Γεωεπιστήμες και Πρώτες Ύλες (Bundesanstaly fur Geowissenschaften und Rohstoffe, Hannover), και π. Αντωνιάδη, γεωλόγο του Ι.Γ.Μ.Ε., κατά το έτος 1968. Πρόγραμμα εκπονήσεως Βασικού Γεωλογικού Χάρτη της Ελλάδας σε κλίμακα 1:50.000. Διεύθυνση Γενικής Γεωλογίας και Χαρτογραφήσεων. Διευθυντής: Δρ. Ι. Μπορνόβας, Επιμέλεια εκτύπωσεως: Γραφείο Εκδόσεως Γεωλογικών Χαρτών του Ι.Γ.Μ.Ε., κατά το έτος 1978. | ||
| 508 | |a Γενικός Διευθυντής Δρ. Γ. Μαχαίρας. | ||
| 508 | |a Εκτύπωσις: ΛΙΘΟΠΡΙΝΤ - Λ. Σκουριάς Ε.Π.Ε. | ||
| 651 | 0 | |a Hierissos (Greece) | |
| 651 | 0 | |a Hierissos (Greece) |v Maps. | |
| 655 | 7 | |a Geological maps |2 lcgft | |
| 700 | 1 | |a Mollat, H. | |
| 700 | 1 | |a Αντωνιάδη, Π. | |
| 710 | 2 | |a Ινστιτούτο Γεωλογικών και Μεταλλευτικών Ερευνών. | |
| 852 | |a INST |b LESVOS |c MAP |e 20190716 |h M ΙΓΜΕ/4Α-14 |p 005100061611 |q 005100061611 |t MAP |y 23 | ||
| 920 | |a Εργαστήριο Χαρτογραφίας και Γεωπληροφορικής |y Λέσβος-ΤΓ |z 2018 | ||
| 970 | |a Καρά |b Γιασεμή |z 16/07/2019 | ||